Điều khiển tối ưu và bền vững /

Phần cơ bản của cuốn sách được viết dựa trên những bài giảng về điều khiển tối ưu và điều khiển bền vững cho sinh viên năm cuối ngành điều khiển tự động. Với phần mở rộng thêm, cuốn sách còn là tài liệu tham khảo.

Gorde:
Xehetasun bibliografikoak
Egile nagusia: Nguyễn Doãn Phước.
Beste egile batzuk: Phan Xuân Minh.
Formatua: Liburua
Hizkuntza:Vietnamese
Argitaratua: Hà Nội : Khoa học và kỹ thuật, 2000.
Gaiak:
Etiketak: Etiketa erantsi
Etiketarik gabe, Izan zaitez lehena erregistro honi etiketa jartzen!
Thư viện lưu trữ: Mạng thư viện Đại học Đà Nẵng
LEADER 01339cam a2200385 i 4500
001 000046734
003 6241
005 20030917105459.0
008 010306b2000 vm 000 vie
020 |c 22000 
022 |a T 
040 |a IRC  |c IRC  |d IRC 
041 0 |a vie 
082 1 4 |a 629.8  |b NG-P 
100 1 |a Nguyễn Doãn Phước. 
245 0 0 |a Điều khiển tối ưu và bền vững /  |c Nguyễn Doãn Phước, Phan Xuân Minh. 
260 |a Hà Nội :  |b Khoa học và kỹ thuật,  |c 2000. 
300 |a 207tr. ;  |c 24cm. 
520 3 |a Phần cơ bản của cuốn sách được viết dựa trên những bài giảng về điều khiển tối ưu và điều khiển bền vững cho sinh viên năm cuối ngành điều khiển tự động. Với phần mở rộng thêm, cuốn sách còn là tài liệu tham khảo. 
630 0 4 |a Điều khiển tối ưu. 
630 0 4 |a Điều khiển bền vững. 
630 0 4 |a Hệ thống điều khiển. 
650 0 4 |a Điều khiển tối ưu. 
650 0 4 |a Điều khiển bền vững. 
700 1 |a Phan Xuân Minh. 
OWN |a DUT 
999 |a From the UDN01 
TYP |a Monograph 
TYP |a Printed language 
980 |a Mạng thư viện Đại học Đà Nẵng